| 000 | 00496nam a22001697a 4500 | ||
|---|---|---|---|
| 005 | 20251127123909.0 | ||
| 008 | 251124b |||||||| |||| 00| 0 eng d | ||
| 020 | _a978-81-932985-3-4 | ||
| 041 | _aeng | ||
| 082 | _a615.78MAD-I | ||
| 100 |
_aMADHURI, DR.D & SOMASEKHAR,DR..K.B AND SEKHAR, CHANDRA _98780 |
||
| 245 | _aINSTRUMENTAL METHODS OF PHARMACEUTICAL ANALYSIS PRACTICAL TEXT | ||
| 260 |
_aHYDERABAD _bTAURUS PUBLISHERS |
||
| 300 | _a94;P | ||
| 650 |
_aPHARMACY _xB.PHARMA |
||
| 942 | _cBK | ||
| 999 |
_c8957 _d8955 |
||